Pfa grouts for stabilising mine workings (Record no. 106320)
[ view plain ]
| 000 -LEADER | |
|---|---|
| fixed length control field | 00975cam a22002175a 4500 |
| 001 - CONTROL NUMBER | |
| control field | L136120 |
| 008 - FIXED-LENGTH DATA ELEMENTS--GENERAL INFORMATION | |
| fixed length control field | 070112s2006 xxko f 000 0 eng u |
| 020 ## - INTERNATIONAL STANDARD BOOK NUMBER | |
| International Standard Book Number | 1860819486 |
| -- | 9781860819486 |
| 035 ## - SYSTEM CONTROL NUMBER | |
| System control number | (Sirsi) u136120 |
| 041 0# - LANGUAGE CODE | |
| Language code of text/sound track or separate title | eng |
| 050 04 - LIBRARY OF CONGRESS CALL NUMBER | |
| Classification number | 693.54 $2 18 |
| 110 1# - MAIN ENTRY--CORPORATE NAME | |
| Corporate name or jurisdiction name as entry element | Building Research Establishment |
| Subordinate unit | Construction Division |
| 9 (RLIN) | 5324 |
| 245 00 - TITLE STATEMENT | |
| Title | Pfa grouts for stabilising mine workings |
| 260 ## - PUBLICATION, DISTRIBUTION, ETC. | |
| Place of publication, distribution, etc. | Watford |
| Name of publisher, distributor, etc. | BRE |
| Date of publication, distribution, etc. | 2006 |
| 300 ## - PHYSICAL DESCRIPTION | |
| Extent | 4p. |
| Dimensions | 30cm. |
| 490 #0 - SERIES STATEMENT | |
| Series statement | BRE Information Paper |
| Volume/sequential designation | (IP 10/06) |
| 520 ## - SUMMARY, ETC. | |
| Summary, etc. | Since the 1970s many disused mine workings have been stabilised by filling with grouts based on pulverised fuel ash (pfa) to prevent surface collapse. This paper summarises guidance on the selection of environmentally compatible and cost-effective materials and techniques and also gives authoritative advice on good practice. |
| 651 #4 - SUBJECT ADDED ENTRY--GEOGRAPHIC NAME | |
| Geographic name | United Kingdom |
| Chronological subdivision | |
| 690 ## - LOCAL SUBJECT ADDED ENTRY--TOPICAL TERM (OCLC, RLIN) | |
| Topical term or geographic name as entry element | BUILT ENVIRONMENT-BUILDING PATHOLOGY-SUBSIDENCE-MINING SUBSIDENCE |
| 942 ## - ADDED ENTRY ELEMENTS (KOHA) | |
| Suppress in OPAC | 0 |
| Withdrawn status | Lost status | Source of classification or shelving scheme | Damaged status | Not for loan | Home library | Current library | Shelving location | Date acquired | Total Checkouts | Full call number | Barcode | Date last seen | Copy number | Price effective from | Koha item type |
|---|---|---|---|---|---|---|---|---|---|---|---|---|---|---|---|
| Dewey Decimal Classification | London | London | Pamphlets | 22/08/2007 | P693.54 BRE | 30071152 | 06/08/2019 | 1 | 06/08/2019 | Book |